000 01443nam a22002417a 4500
003 OSt
005 20250506142218.0
008 250506b ||||| |||| 00| 0 spa d
020 _a9789588763866
040 _cCO-Mq BPB
041 _aspa
082 _aJN
_bCAWc
100 _aCawthon, Scott
_eautor
245 _aEl Cuarto Armario; Five Nights at Freddy's
264 _aBogotá;
_bPenguin Random House,
_c2023
300 _a361 páginas;
_bTapa rustica
_c21 cm
521 _a¿Qué fue lo que realmente sucedió con Charlie? Esta es la pregunta que John es incapaz de entender, además de las constantes pesadillas que tiene en las que Charlie aparece muerto, pero en las que también, milagrosamente, Charlie reaparece. Lo único que John quiere es olvidar la saga de terror que vivió en la Freddy Fazbear's Pizza, pero el pasado no es tan sencillo de enterrar. Mientras tanto, la apertura de una nueva pizzería en Hurricane trae consigo una nueva ola de secuestros que le suenan muy familiares. Unidos por la pérdida de su niñez y a regañadientes, John se juntará con Jessica, Marla y Carlton para resolver el caso y encontrar a los niños desaparecidos. A lo largo del camino, descifrarán el misterio de lo que le sucedió a Charlie y del inquietante legado de las creaciones de su padre.
650 _aTerror
650 _aVideojuegos
650 _aSuspenso
700 _aMaqueda, Elia
_etraductora
942 _2ddc
_cBKLIT
999 _c15929
_d15929